Every Pokemon VMAX - Statistics

General Stats
  • This quiz has been taken 21 times
    9 since last reset
  • The average score is 31 of 85
Answer Stats
Set and No. Pokemon Name % Correct
VIV 44 Pikachu
86%
PR-SW 286 Pikachu
86%
CEL 7 Pikachu
86%
CEL 9 Pikachu
86%
SSH 50 Lapras
71%
RCL 18 Rillaboom
71%
FST 23 Rillaboom
71%
CPA 23 Alcremie
57%
DAA 2 Butterfree
57%
DAA 34 Centiskorch
57%
DAA 20 Charizard
57%
RCL 36 Cinderace
57%
FST 45 Cinderace
57%
BST 110 Corviknight
57%
CPA 15 Drednaw
57%
BST 19 Flapple
57%
DAA 115 Grimmsnarl
57%
RCL 50 Inteleon
57%
FST 79 Inteleon
57%
VIV 21 Orbeetle
57%
SSH 142 Snorlax
57%
BST 86 Urshifu
57%
BST 88 Urshifu
57%
PR-SW 103 Blastoise
43%
VIV 99 Coalossal
43%
SHF 10 Dhelmise
43%
RCL 93 Dragapult
43%
EVS 123 Duraludon
43%
PR-SW 87 Eevee
43%
DAA 117 Eternatus
43%
EVS 101 Garbodor
43%
FST 157 Gengar
43%
ASR 73 Machamp
43%
CRE 113 Metagross
43%
SSH 80 Morpeko
43%
SSH 116 Stonjourner
43%
RCL 71 Toxtricity
43%
PR-SW 102 Venusaur
43%
VIV 127 Aegislash
29%
CRE 21 Blaziken
29%
FST 104 Boltund
29%
CRE 46 Calyrex
29%
CRE 75 Calyrex
29%
FST 40 Chandelure
29%
RCL 137 Copperajah
29%
SHF 55 Cramorant
29%
SHF 45 Crobat
29%
SHF 51 Ditto
29%
EVS 65 Espeon
29%
EVS 18 Flareon
29%
EVS 41 Glaceon
29%
EVS 51 Jolteon
29%
BRS 29 Kingler
29%
LOR 49 Kyurem
29%
EVS 8 Leafeon
29%
PGO 48 Melmetal
29%
PR-SW 5 Meowth
29%
FST 114 Mew
29%
EVS 111 Rayquaza
29%
SIT 58 Regieleki
29%
CRE 90 Sandaconda
29%
CRE 100 Slowking
29%
EVS 75 Sylveon
29%
CRE 125 Tornadus
29%
EVS 95 Umbreon
29%
EVS 30 Vaporeon
29%
PR-SW 264 Zeraora
29%
BRS 97 Aggron
14%
CRE 8 Celebi
14%
VIV 37 Darmanitan
14%
PR-SW 267 Deoxys
14%
EVS 59 Dracozolt
14%
FST 210 Greedent
14%
EVS 29 Gyarados
14%
ASR 26 Heatran
14%
EVS 92 Lycanroc
14%
DAA 122 Malamar
14%
DAA 144 Salamence
14%
BST 51 Tapu Koko
14%
BST 2 Victini
14%
CPA 17 Gardevoir
0%
BRS 69 Mimikyu
0%
DAA 119 Scizor
0%
VIV 141 Togekiss
0%
EVS 14 Trevenant
0%
No matching quizzes found
Score Distribution
Percent of People with Each Score
Percentile by Number Answered
Your Score History
You have not taken this quiz since the last reset